000
00241nam a22001097a 4500
003
SGT
100
_a
SHARMA, Y. R.
245
_a
Elementary Organic Spectroscopy
260
_a
NEW DELHI
_b
S.CHAND
_c
2016
300
_a
369
942
_2
ddc
_c
FPS
_0
119
999
_c
10083
_d
10083